Daily Capital City Riddle #75 - Statistics

General Stats
  • This quiz has been taken 34 times
  • The average score is 29 of 34
Answer Stats
Type Answer % Correct
Found Letter A
100%
Found Letter N
100%
Alphabet Letter O
97%
Alphabet Letter R
97%
Correctly Placed Letter A
93%
Alphabet Letter B
93%
Alphabet Letter E
93%
Alphabet Letter G
93%
Found Letter I
93%
Alphabet Letter S
93%
Alphabet Letter C
90%
Alphabet Letter D
90%
Found Letter L
90%
Alphabet Letter M
90%
Correctly Placed Letter N
90%
Alphabet Letter U
90%
Correctly Placed Letter I
86%
Alphabet Letter K
86%
Found Letter T
86%
Alphabet Letter W
86%
Alphabet Letter H
83%
Alphabet Letter P
83%
Alphabet Letter V
83%
Alphabet Letter J
79%
Correctly Placed Letter L
79%
Correctly Placed Letter L
76%
Alphabet Letter Q
76%
Correctly Placed Letter T
76%
Alphabet Letter X
76%
Alphabet Letter Y
76%
Alphabet Letter Z
76%
Alphabet Letter F
72%
Correctly Placed Letter N
72%
Mystery Capital Tallinn
72%
No matching quizzes found
Score Distribution
Percent of People with Each Score
Percentile by Number Answered
Your Score History
You have not taken this quiz